000 00609nam a2200241Ia 4500
003 OSt
005 20220912152157.0
006 a|||||r|||| 00| 0
007 ta
008 220909b |||||||| |||| 00| 0 eng d
024 _a57147
037 _cTextual
040 _aCSL
_beng
_cCSL
041 _aeng
082 _aJA, H91
100 _aUnited States(Deptt of Agriculture)
245 0 _aTrees: The yearbook of agriculture
260 _c1949
300 _ap.
_ccm.
650 _aAgriculture
942 _hJA, H91
_cTEXL
_2CC
999 _c82413
_d82413